00841nam a22001937a 4500003000900000008004100009040007100050082002400121245010900145260003000254300004500284440005300329505014200382650002600524650001900550650002400569650001400593700004000607AR-CdUCM190425b ||||| |||| 00| 0 spa d aMUNICIPALIDAD PROVINCIAL DEL CUSCOcBIBLIOTECA MUNICIPAL DEL CUSCO aOropesa/N°114/2020 aOropesa :brevista de cultura y educación de opinión y crítica /cAmérico Valer Vargas, Director aCusco.bPantigozo,c2020. a18 páginas. :bilustraciones ;c30 cm. aOropesa.nAño XXXVIII, N°114, diciembre 2020. aContenido: La educación en tiempos de pandemia. -- Repercusiones ambientales de la pandemia COVID-19. -- El lenguaje y su dialecto. ... aPolítica cusqueña aCultura andina aSociedad cusqueña aSiglo XXI aSolórzano Arenas, Víctor Manuel